| 000 | 005670000a22002170004500 | ||
|---|---|---|---|
| 003 | LK-CoMWRAF | ||
| 005 | 20230925115911.0 | ||
| 008 | 230817t ||||| |||| 00| 0 eng d | ||
| 020 | _a9679920631 | ||
| 040 |
_aLK-CoMWRAF _dLK-CoMWRAF _eLK-CoMWRAF |
||
| 041 | _aeng | ||
| 082 |
_a294.3 _bDHA |
||
| 100 | _aDhammananda, K.Sri | ||
| 245 |
_aBuddhism : _bAs a Religion |
||
| 260 |
_aMalaysia (Kuala Lumpur) : _bBuddhist missionary society, _c1994 |
||
| 300 | _a 56p. ; 18cm | ||
| 650 | _aBuddhism | ||
| 650 | _aWorld religion | ||
| 650 | _aBuddhist | ||
| 942 | _cBK | ||
| 999 |
_c1817 _d1817 |
||